[Event "Championnat de France des Jeunes - Juni"]
[Site "TROYES"]
[Date "2010.04.11"]
[Round "1.1"]
[White "Delorme, Axel"]
[Black "Masset, Jacques"]
[Result "1-0"]
[WhiteElo "2429"]
[BlackElo "1963"]
[PlyCount "47"]
[EventDate "2010.??.??"]

1. e4 e5 2. Nf3 Nc6 3. Bb5 a6 4. Ba4 Nf6 5. O-O Be7 6. Re1 b5 7. Bb3 O-O 8. d4
d6 9. c3 Bg4 10. d5 Na5 11. Bc2 Re8 12. h3 Bd7 13. Nbd2 c5 14. b3 Bf8 15. Nf1
g6 16. Ng3 Bg7 17. Be3 Qc7 18. Qd2 Nxe4 19. Nxe4 f5 20. Nfg5 fxe4 21. Bxe4 Re7
22. Ne6 Bxe6 23. dxe6 Rae8 24. Bg5 1-0

[Event "Championnat de France des Jeunes - Juni"]
[Site "TROYES"]
[Date "2010.04.11"]
[Round "1.2"]
[White "Esposito, Mathieu"]
[Black "Demuth, Adrien"]
[Result "0-1"]
[WhiteElo "1955"]
[BlackElo "2398"]
[PlyCount "66"]
[EventDate "2010.??.??"]

1. e4 c5 2. Nf3 Nc6 3. Bb5 e6 4. O-O Nge7 5. Re1 Nd4 6. Nxd4 cxd4 7. Bf1 g6 8.
d3 Bg7 9. Nd2 O-O 10. Nf3 Nc6 11. Bf4 e5 12. Bd2 d5 13. Qc1 Re8 14. c3 Bg4 15.
Bh6 Bh8 16. Qg5 Qd7 17. exd5 Bxf3 18. dxc6 Bxc6 19. Rac1 Rad8 20. Qg3 Qd5 21.
Ra1 a6 22. Bd2 Bg7 23. h4 dxc3 24. bxc3 b5 25. h5 e4 26. h6 Be5 27. Bf4 Bf6 28.
d4 b4 29. cxb4 Qxd4 30. Bxa6 Qxb4 31. Rac1 Bd5 32. a3 Qa4 33. Bf1 Bb2 0-1

[Event "Championnat de France des Jeunes - Juni"]
[Site "TROYES"]
[Date "2010.04.11"]
[Round "1.3"]
[White "Blum, Nicolas"]
[Black "Baudon, Andrew"]
[Result "1-0"]
[WhiteElo "2268"]
[BlackElo "1933"]
[PlyCount "55"]
[EventDate "2010.??.??"]

1. e4 e5 2. Bc4 Nf6 3. d3 Bc5 4. Nc3 O-O 5. Bg5 c6 6. Qd2 a5 7. a3 Na6 8. Nf3
d6 9. d4 exd4 10. Nxd4 Re8 11. O-O Nc7 12. Nb3 Ba7 13. Nxa5 Bc5 14. Nb3 Ne6 15.
Bxe6 Rxe6 16. Rfe1 Qc7 17. Nd4 Bxd4 18. Qxd4 Ne8 19. Rad1 Rg6 20. Bf4 h5 21. e5
Qd7 22. exd6 Nf6 23. Ne4 Nd5 24. Nc5 Qd8 25. Bg3 b6 26. d7 bxc5 27. Re8+ Qxe8
28. dxe8=Q+ 1-0

[Event "Championnat de France des Jeunes - Juni"]
[Site "TROYES"]
[Date "2010.04.11"]
[Round "1.4"]
[White "Roubert, Emile"]
[Black "Stephan, Victor"]
[Result "1/2-1/2"]
[WhiteElo "1925"]
[BlackElo "2244"]
[PlyCount "135"]
[EventDate "2010.??.??"]

1. e4 c5 2. Nf3 d6 3. c3 Nf6 4. h3 Nbd7 5. Bd3 b6 6. O-O Bb7 7. Re1 Qc7 8. Bc2
Rc8 9. Na3 g6 10. d4 cxd4 11. cxd4 Bg7 12. Bg5 O-O 13. Rc1 h6 14. Bd2 Qb8 15.
Nb5 a6 16. Nc3 b5 17. a3 e5 18. d5 Nb6 19. b3 Rc7 20. Ne2 Rfc8 21. Ng3 Ba8 22.
Be3 a5 23. Qd2 a4 24. Bxb6 Qxb6 25. b4 Bb7 26. Bd3 Ba6 27. Ne2 Nd7 28. Rxc7
Rxc7 29. Rc1 f5 30. exf5 Nf6 31. Rxc7 Qxc7 32. Nc3 gxf5 33. Bxf5 Qc4 34. Qd3
Qxd3 35. Bxd3 e4 36. Nxe4 Nxe4 37. Bxe4 Bb2 38. Ne1 Bxa3 39. Nd3 Bb2 40. Nxb2
a3 41. Bb1 axb2 42. Kf1 Bb7 43. Ke2 Bxd5 44. g3 Kf7 45. Kd2 Bg2 46. h4 Ke6 47.
Kc3 Kd5 48. Kxb2 Kc4 49. Ka3 Bf3 50. Bf5 h5 51. g4 hxg4 52. h5 g3 53. fxg3 Bxh5
54. g4 Bf7 55. g5 d5 56. g6 Bxg6 57. Bxg6 d4 58. Bc2 d3 59. Bd1 Kc3 60. Bf3 d2
61. Bg4 Kc2 62. Be2 d1=Q 63. Bxd1+ Kxd1 64. Kb3 Kd2 65. Kb2 Kd3 66. Kb3 Kd4 67.
Kb2 Kc4 68. Kc2 1/2-1/2

[Event "Championnat de France des Jeunes - Juni"]
[Site "TROYES"]
[Date "2010.04.11"]
[Round "1.5"]
[White "Valles, Manuel"]
[Black "Nooshian, Kevin"]
[Result "1-0"]
[WhiteElo "2242"]
[BlackElo "1910"]
[PlyCount "109"]
[EventDate "2010.??.??"]

1. e4 e6 2. d4 d5 3. Nc3 Nf6 4. Bg5 Bb4 5. a3 Bxc3+ 6. bxc3 dxe4 7. f3 e3 8.
Bxe3 Nbd7 9. Bd3 b6 10. Ne2 Bb7 11. O-O O-O 12. Qe1 c5 13. Qh4 Rc8 14. Ng3 Re8
15. Bg5 h6 16. Bxf6 Nxf6 17. Rad1 Qe7 18. Rd2 cxd4 19. cxd4 Qxa3 20. Ne4 Nd5
21. Qg3 Red8 22. Re1 Qe7 23. Ra1 Ba8 24. Ba6 Rc7 25. c4 Nb4 26. Nf6+ Kf8 27.
Nh7+ Kg8 28. Nf6+ Kh8 29. Nh5 g6 30. Nf6 e5 31. Ng4 exd4 32. Re1 Qd6 33. Re8+
Kg7 34. Rxd8 Qxd8 35. Qe5+ f6 36. Nxf6 Re7 37. Nh5+ Kh7 38. Nf6+ Kh8 39. Rxd4
Rxe5 40. Rxd8+ Kg7 41. Ne8+ Kf7 42. Rxa8 Nxa6 43. Rxa7+ Kxe8 44. Rxa6 Re1+ 45.
Kf2 Rb1 46. c5 bxc5 47. Rxg6 Kd7 48. Ke3 Rd1 49. Rxh6 c4 50. Rh4 Rd3+ 51. Ke2
Rc3 52. Kd2 Rd3+ 53. Kc2 Re3 54. Rd4+ Ke6 55. Re4+ 1-0

[Event "Championnat de France des Jeunes - Juni"]
[Site "TROYES"]
[Date "2010.04.11"]
[Round "1.6"]
[White "Charrais, Kevin"]
[Black "Favarel, Antoine"]
[Result "0-1"]
[WhiteElo "1888"]
[BlackElo "2231"]
[PlyCount "62"]
[EventDate "2010.??.??"]

1. e4 c5 2. Nf3 Nc6 3. d4 cxd4 4. c3 Nf6 5. e5 Nd5 6. cxd4 d6 7. exd6 Qxd6 8.
a3 Bg4 9. Be2 e6 10. O-O Be7 11. Nc3 O-O 12. h3 Bf5 13. Nb5 Qb8 14. Bd3 Bxd3
15. Qxd3 h6 16. Re1 a6 17. Nc3 Rd8 18. Re4 Nf6 19. Rh4 Bf8 20. Bf4 Qc8 21. Ne4
Nxe4 22. Qxe4 Qd7 23. Rd1 Qd5 24. Qe2 Qf5 25. Rg4 h5 26. Nh4 Nxd4 27. Qe3 Qd5
28. Rg5 Ne2+ 29. Qxe2 Qxd1+ 30. Qxd1 Rxd1+ 31. Kh2 g6 0-1

[Event "Championnat de France des Jeunes - Juni"]
[Site "TROYES"]
[Date "2010.04.11"]
[Round "1.7"]
[White "Fougerit, Valentin"]
[Black "Dubois, Pierre"]
[Result "0-1"]
[WhiteElo "2205"]
[BlackElo "1882"]
[PlyCount "50"]
[EventDate "2010.??.??"]

1. e4 e5 2. Nf3 Nc6 3. Be2 Nf6 4. d3 d5 5. exd5 Nxd5 6. O-O Bc5 7. c3 O-O 8. b4
Bd6 9. Re1 Re8 10. Qc2 Bg4 11. Na3 Nxc3 12. Qxc3 Bxb4 13. Qb2 Bxf3 14. Bxf3
Bxe1 15. Qxb7 Qd4 16. Qb2 Rab8 17. Qxd4 Nxd4 18. Bd1 e4 19. dxe4 Rxe4 20. Be3
Bc3 21. Rb1 Rxb1 22. Nxb1 Bb4 23. Nd2 Bxd2 24. Bxd2 c5 25. Kf1 c4 0-1

[Event "Championnat de France des Jeunes - Juni"]
[Site "TROYES"]
[Date "2010.04.11"]
[Round "1.8"]
[White "Lemarchand, Matthieu"]
[Black "Bressac, Stephane"]
[Result "1-0"]
[WhiteElo "1833"]
[BlackElo "2197"]
[PlyCount "59"]
[EventDate "2010.??.??"]

1. e4 e6 2. d4 d5 3. Nc3 Nf6 4. e5 Nfd7 5. Qh5 c5 6. Nf3 a6 7. Bg5 Qb6 8. O-O-O
cxd4 9. Rxd4 g6 10. Qh4 Bg7 11. Bf6 Bxf6 12. exf6 Nc6 13. Rd2 Nc5 14. Qh6 Bd7
15. Ng5 d4 16. Nd1 Ne5 17. h3 Rc8 18. Qg7 Bc6 19. Qxh8+ Kd7 20. Qxh7 Qa5 21.
Rxd4+ Bd5 22. Nc3 Nb3+ 23. axb3 Rxc3 24. bxc3 Qxc3 25. Qh4 Nc6 26. Rxd5+ exd5
27. Qg4+ Kd8 28. Nxf7+ Ke8 29. Nd6+ Kf8 30. Qc8+ 1-0

[Event "Championnat de France des Jeunes - Juni"]
[Site "TROYES"]
[Date "2010.04.11"]
[Round "1.9"]
[White "Migot, Tangi"]
[Black "Flaquet, Sebastien"]
[Result "1-0"]
[WhiteElo "2195"]
[BlackElo "1827"]
[PlyCount "121"]
[EventDate "2010.??.??"]

1. e4 d6 2. d4 Nf6 3. Nc3 Nbd7 4. Nf3 e5 5. Bc4 Be7 6. O-O O-O 7. Re1 c6 8. a4
b6 9. dxe5 dxe5 10. Nh4 Nc5 11. Qe2 a5 12. Nf5 Bxf5 13. exf5 e4 14. Bf4 h5 15.
h3 h4 16. Bg5 Qc8 17. Bxh4 Qxf5 18. Bg3 Rac8 19. Rad1 Rfe8 20. Rd4 Bf8 21. Bh4
Qg6 22. Qe3 Be7 23. Qg5 Qxg5 24. Bxg5 Rcd8 25. Rxd8 Bxd8 26. f3 Re5 27. Bxf6
Bxf6 28. Nxe4 Nxe4 29. fxe4 b5 30. Bd3 Kf8 31. b3 b4 32. g3 Ke7 33. Kf2 Bg5 34.
h4 Bh6 35. Rd1 g6 36. g4 f6 37. Kf3 c5 38. Bb5 Kf8 39. Rd8+ Kg7 40. Bc4 Bc1 41.
Rg8+ Kh6 42. Rf8 g5 43. Rxf6+ Kg7 44. Rf7+ Kh6 45. h5 Bb2 46. Rf6+ Kg7 47. Rg6+
Kh7 48. Bg8+ Kh8 49. h6 Re8 50. h7 Rf8+ 51. Ke2 Bf6 52. Kd3 Be7 53. Kc4 Rb8 54.
Re6 Bf8 55. Re5 Rd8 56. Rxg5 Rd2 57. Kb5 Rxc2 58. Kxa5 c4 59. Bxc4 Rxc4 60.
bxc4 b3 61. Rg8+ 1-0

[Event "Championnat de France des Jeunes - Juni"]
[Site "TROYES"]
[Date "2010.04.11"]
[Round "1.10"]
[White "Breffi, Ferdinand"]
[Black "Poignot, Quentin"]
[Result "0-1"]
[WhiteElo "1798"]
[BlackElo "2138"]
[PlyCount "59"]
[EventDate "2010.??.??"]

1. e4 c5 2. Nf3 d6 3. d4 cxd4 4. Nxd4 Nf6 5. Nc3 g6 6. Be3 Bg7 7. f3 O-O 8. Qd2
Nc6 9. Bc4 Bd7 10. O-O-O Rc8 11. Bb3 Ne5 12. g4 b5 13. h4 a5 14. a3 b4 15. axb4
axb4 16. Na2 Nc4 17. Bxc4 Rxc4 18. b3 Rc8 19. Nxb4 Qa5 20. Kb2 Qc5 21. c3 Qc7
22. h5 Bxg4 23. fxg4 Nxe4 24. Nd5 Qb7 25. Nxe7+ Qxe7 26. Qh2 Be5 27. Qh3 Rxc3
28. hxg6 fxg6 29. Qh6 Rb8 30. Rd2 0-1

[Event "Championnat de France - Juniors Filles "]
[Site "TROYES"]
[Date "2010.04.11"]
[Round "1.1"]
[White "Mallard, Ophelie"]
[Black "Esposito, Julie"]
[Result "0-1"]
[WhiteElo "1670"]
[BlackElo "1767"]
[PlyCount "68"]
[EventDate "2010.??.??"]

1. f4 d5 2. Nf3 Nf6 3. e3 Bf5 4. b3 e6 5. Bb2 Nbd7 6. d3 c6 7. Nbd2 Qc7 8. Ne5
Bd6 9. Be2 Nxe5 10. fxe5 Bxe5 11. Bxe5 Qxe5 12. c4 Qxe3 13. Nf3 Ng4 14. Rf1 Qh6
15. Qc1 Qxc1+ 16. Rxc1 dxc4 17. dxc4 Rd8 18. h3 Ne3 19. Rg1 Nc2+ 20. Kf1 Nd4
21. Nxd4 Rxd4 22. Ke1 Ke7 23. g4 Be4 24. Rg3 Rhd8 25. b4 Rd2 26. a3 Rb2 27. Re3
Rd4 28. Kf2 f5 29. gxf5 exf5 30. Rg1 Kf6 31. Kg3 g5 32. Rf1 Kg6 33. Kf2 f4 34.
Rc3 Rdd2 0-1

[Event "Championnat de France - Juniors Filles "]
[Site "TROYES"]
[Date "2010.04.11"]
[Round "1.1"]
[White "Forestier, Carole"]
[Black "Sanchez, Amelie"]
[Result "1-0"]
[WhiteElo "2127"]
[BlackElo "1860"]
[PlyCount "45"]
[EventDate "2010.??.??"]

1. d4 Nf6 2. c4 g6 3. Nc3 Bg7 4. e4 d6 5. f4 O-O 6. Nf3 Nbd7 7. e5 Ne8 8. Be3
c6 9. Bd3 Nc7 10. O-O f6 11. f5 gxf5 12. exd6 exd6 13. Nh4 Nb6 14. Nxf5 Bxf5
15. Rxf5 Qe7 16. Bd2 Rf7 17. Qg4 Kh8 18. Rh5 Bf8 19. Re1 Qd7 20. Bf5 Qd8 21.
Qg6 Rg7 22. Rxh7+ Kg8 23. Qh5 1-0

[Event "Championnat de France - Juniors Filles "]
[Site "TROYES"]
[Date "2010.04.11"]
[Round "1.1"]
[White "Langlet, Stephanie"]
[Black "Vinckier, Delphine"]
[Result "0-1"]
[WhiteElo "1470"]
[BlackElo "1811"]
[PlyCount "62"]
[EventDate "2010.??.??"]

1. e4 e6 2. Nf3 d5 3. exd5 exd5 4. d4 Nf6 5. Nc3 c6 6. Be2 Bd6 7. Be3 Bf5 8.
Bd3 Bxd3 9. Qxd3 Nbd7 10. Ne2 Qc7 11. Ng3 g6 12. O-O O-O-O 13. c4 dxc4 14. Qxc4
Nb6 15. Qb3 Nfd5 16. Ng5 Rhe8 17. Bd2 Bf4 18. Bxf4 Qxf4 19. Nf3 h5 20. Qd3 Qc7
21. Ne4 f6 22. Nc3 g5 23. Qf5+ Kb8 24. Nxd5 Nxd5 25. Rfe1 g4 26. Rxe8 Rxe8 27.
Nh4 Qa5 28. g3 Re1+ 29. Rxe1 Qxe1+ 30. Kg2 Qe2 31. Qxh5 Ne3+ 0-1

[Event "Championnat de France - Juniors Filles "]
[Site "TROYES"]
[Date "2010.04.11"]
[Round "1.1"]
[White "Le Berre, Tennessee"]
[Black "Bartolo, Alexia"]
[Result "0-1"]
[WhiteElo "1799"]
[BlackElo "1553"]
[PlyCount "73"]
[EventDate "2010.??.??"]

1. e4 e5 2. d4 exd4 3. Nf3 Bc5 4. Nxd4 Qf6 5. Be3 Nc6 6. c3 a6 7. Be2 Nge7 8.
O-O O-O 9. Nc2 Qe5 10. Bxc5 Qxc5 11. Nd2 Rd8 12. Nf3 d5 13. exd5 Rxd5 14. Qc1
Bg4 15. Ne3 Bxf3 16. Bxf3 Rd6 17. Qc2 b5 18. Rad1 Rad8 19. Be4 g6 20. Qe2 Kg7
21. Bc2 Qe5 22. Qf3 Rd2 23. Bb3 f5 24. Rfe1 Qc5 25. Rxd2 Rxd2 26. Re2 Ne5 27.
Rxd2 Nxf3+ 28. gxf3 Kf6 29. Rd4 a5 30. a4 b4 31. Rc4 Qb6 32. Kg2 bxc3 33. Rxc3
c6 34. Kg1 Qb7 35. Kg2 Nd5 36. Bxd5 cxd5 37. Rc5 0-1

[Event "Championnat de France - Juniors Filles "]
[Site "TROYES"]
[Date "2010.04.11"]
[Round "1.1"]
[White "Richard, Emma"]
[Black "Armas, Lara-Maria"]
[Result "1-0"]
[WhiteElo "2116"]
[BlackElo "2008"]
[PlyCount "109"]
[EventDate "2010.??.??"]

1. e4 c5 2. Nf3 d6 3. c3 Nf6 4. h3 e6 5. Bd3 Be7 6. O-O O-O 7. Bc2 b6 8. Re1
Bb7 9. d3 Nbd7 10. Nbd2 Qc7 11. Nf1 Rfd8 12. Ng3 Rac8 13. Bb3 b5 14. d4 a5 15.
Qe2 c4 16. Bc2 Nf8 17. Bg5 Ne8 18. Be3 Nd7 19. Rad1 Nef6 20. Bg5 h6 21. Bf4 b4
22. Nh2 Bf8 23. Bd2 e5 24. Nf5 bxc3 25. bxc3 Ba6 26. Ng4 Nxg4 27. Qxg4 Kh7 28.
Re3 Nf6 29. Qh4 Ng8 30. Rf3 g6 31. Ne3 Qe7 32. Qg3 exd4 33. Nd5 Qe6 34. cxd4
Bg7 35. Bxa5 Rf8 36. Nc7 Qd7 37. Nd5 Rb8 38. Bc3 Rb7 39. a3 Bb5 40. Bb1 Rfb8
41. Nb4 Bc6 42. Re1 Ra7 43. Bb2 Re8 44. Rfe3 Raa8 45. e5 dxe5 46. dxe5 Re6 47.
Nxc6 Qxc6 48. Be4 Qa6 49. Bxa8 Qxa8 50. Qf4 Qb7 51. Bc3 Qc7 52. Re4 Rc6 53. Rd4
Bf8 54. e6 fxe6 55. Qxf8 1-0

[Event "Championnat de France des Jeunes - Cade"]
[Site "TROYES"]
[Date "2010.04.11"]
[Round "1.1"]
[White "Song, Julien"]
[Black "Aumont, Alexandre"]
[Result "1-0"]
[WhiteElo "2329"]
[BlackElo "1889"]
[PlyCount "155"]
[EventDate "2010.??.??"]

1. d4 f5 2. g3 Nf6 3. Bg2 g6 4. c3 Bg7 5. Qb3 c6 6. Nh3 Qb6 7. Nd2 Qxb3 8. axb3
d5 9. Nf4 O-O 10. O-O g5 11. Nd3 h6 12. Nf3 Ne4 13. Nfe5 Nd7 14. f3 Nd6 15. h4
Bf6 16. hxg5 hxg5 17. Kf2 Nf7 18. Ng6 Re8 19. f4 Kg7 20. Nge5 g4 21. Rh1 e6 22.
Bd2 Ndxe5 23. fxe5 Bg5 24. Bxg5 Nxg5 25. Rh5 Nf7 26. Rah1 Rh8 27. Rxh8 Nxh8 28.
Nf4 Nf7 29. Nh5+ Kg6 30. Nf6 b6 31. c4 Bb7 32. Nh5 Ng5 33. Nf4+ Kf7 34. Rh6 Rg8
35. Rh1 a5 36. e3 Ra8 37. Rh5 Rg8 38. Bf1 Bc8 39. Bd3 Bd7 40. Rh1 Ke7 41. Rh6
Kf7 42. Kg2 Rg7 43. Rf6+ Kg8 44. Nh5 Nf3 45. Nxg7 Kxg7 46. cxd5 cxd5 47. Bxf5
exf5 48. Rxb6 Kf7 49. Rd6 Ke7 50. Kf2 Nd2 51. Rxd5 Nxb3 52. Rd6 Nd2 53. Ra6 a4
54. d5 Nc4 55. e6 Be8 56. Ra8 Nd6 57. e4 Nxe4+ 58. Ke3 Nxg3 59. Kf4 Ne4 60.
Kxf5 g3 61. Ra7+ Kf8 62. Rc7 g2 63. Rc1 Ng3+ 64. Kf6 Nf1 65. Rc8 g1=Q 66. e7+
Kg8 67. Rxe8+ Kh7 68. Rh8+ Kxh8 69. e8=Q+ Kh7 70. Qe4+ Kg8 71. Qe6+ Kh8 72.
Qe8+ Kh7 73. Qf7+ Kh8 74. d6 Qd4+ 75. Ke7 Qe5+ 76. Qe6 Qc5 77. Kf8 Qf2+ 78. Qf7
1-0

[Event "Championnat de France des Jeunes - Cade"]
[Site "TROYES"]
[Date "2010.04.11"]
[Round "1.2"]
[White "Calon, Quentin"]
[Black "Ollier, Pablo"]
[Result "0-1"]
[WhiteElo "1887"]
[BlackElo "2294"]
[PlyCount "74"]
[EventDate "2010.??.??"]

1. d4 Nf6 2. Nf3 e6 3. Bf4 c5 4. c3 cxd4 5. cxd4 b5 6. Nbd2 Bb7 7. e3 a6 8. Be2
Be7 9. O-O O-O 10. Nb3 d6 11. Rc1 Nh5 12. Bg3 Nxg3 13. hxg3 Qb6 14. Bd3 g6 15.
Nh4 Nd7 16. Qd2 a5 17. Qc2 Rfe8 18. Qb1 e5 19. dxe5 Nxe5 20. Nd4 b4 21. Nhf3
Nxd3 22. Qxd3 Ba6 23. Qe4 Bxf1 24. Rxf1 Bf6 25. Qg4 Qc5 26. Nb3 Qd5 27. e4 Qe6
28. Qf4 Bxb2 29. Ng5 Qf6 30. Rd1 Qxf4 31. gxf4 a4 32. Nd4 Bxd4 33. Rxd4 b3 34.
axb3 a3 35. Rxd6 a2 36. Rd7 a1=Q+ 37. Kh2 Ra7 0-1

[Event "Championnat de France des Jeunes - Cade"]
[Site "TROYES"]
[Date "2010.04.11"]
[Round "1.3"]
[White "Massoni, Michael"]
[Black "Brehier, William"]
[Result "1-0"]
[WhiteElo "2292"]
[BlackElo "1877"]
[PlyCount "127"]
[EventDate "2010.??.??"]

1. e4 c5 2. Nf3 d6 3. d4 cxd4 4. Nxd4 Nf6 5. Nc3 a6 6. Be2 e6 7. O-O b5 8. Bf3
Nfd7 9. g3 Bb7 10. a3 Be7 11. Bg2 Qc7 12. Kh1 Nc6 13. Nde2 O-O 14. f4 Nb6 15.
g4 f5 16. exf5 exf5 17. Nd5 Nxd5 18. Bxd5+ Kh8 19. g5 Na5 20. Nc3 Rac8 21. Qf3
Rfe8 22. Be3 Bf8 23. Bd4 Nc6 24. Bf2 Na5 25. Bxb7 Qxb7 26. Qxb7 Nxb7 27. Rad1
g6 28. Bd4+ Bg7 29. Kg2 Re6 30. Rf2 Rc4 31. Bxg7+ Kxg7 32. Nd5 Kf7 33. Rd3 Nc5
34. Rc3 Rxc3 35. Nxc3 Ne4 36. Rf3 Re8 37. Rh3 Kg7 38. Nd5 Rc8 39. c3 Rc5 40.
Rd3 a5 41. Kf3 a4 42. Nf6 Nxf6 43. gxf6+ Kxf6 44. Rxd6+ Ke7 45. Rb6 Rd5 46. Ke2
Kf7 47. Rb7+ Kg8 48. Ke3 h6 49. h4 Kf8 50. Ke2 Kg8 51. Rc7 g5 52. fxg5 hxg5 53.
hxg5 f4 54. g6 f3+ 55. Ke3 f2 56. Rf7 Rg5 57. Rxf2 Rxg6 58. Kd4 Rg4+ 59. Kc5
Rg5+ 60. Kb4 Kg7 61. c4 bxc4 62. Kxa4 Rg4 63. Kb4 c3+ 64. Kxc3 1-0

[Event "Championnat de France des Jeunes - Cade"]
[Site "TROYES"]
[Date "2010.04.11"]
[Round "1.4"]
[White "Peynichon, Jean-Charles"]
[Black "Villegas, Pierre"]
[Result "0-1"]
[WhiteElo "1870"]
[BlackElo "2257"]
[PlyCount "128"]
[EventDate "2010.??.??"]

1. d4 d6 2. c4 e5 3. d5 f5 4. e4 fxe4 5. Nc3 Nf6 6. Nge2 Bf5 7. Ng3 Bg6 8. Be3
Be7 9. Be2 O-O 10. h4 h6 11. h5 Bh7 12. Qd2 Qd7 13. O-O-O a5 14. f3 exf3 15.
gxf3 Na6 16. Rdg1 Kh8 17. Bf1 Qd8 18. Qg2 Nd7 19. Nce4 Rf7 20. Qd2 Nac5 21. Bh3
Rxf3 22. Qg2 Qf8 23. Rf1 Rxf1+ 24. Rxf1 Qe8 25. Nf5 Bxf5 26. Bxf5 Nxe4 27. Qxe4
Nf6 28. Qg2 Qa4 29. b3 Qa3+ 30. Kb1 a4 31. Bc1 Qc5 32. Qg6 axb3 33. axb3 Qd4
34. Bb2 Qh4 35. Rg1 Rg8 36. Be6 Qxh5 37. Qxh5 Nxh5 38. Bxg8 Kxg8 39. Kc2 Nf4
40. Bc1 Ne2 41. Rg2 Nd4+ 42. Kc3 g5 43. b4 Kf7 44. Kd3 Kg6 45. Ke4 h5 46. Be3
h4 47. Bxd4 exd4 48. Kxd4 Bf6+ 49. Ke4 Be5 50. Kf3 Kf5 51. Rg1 Bh2 52. Rg2 Bg3
53. Re2 g4+ 54. Kg2 Be5 55. c5 h3+ 56. Kh1 g3 57. Re1 g2+ 58. Kg1 Bd4+ 59. Kh2
g1=Q+ 60. Rxg1 Bxg1+ 61. Kxg1 Ke5 62. cxd6 cxd6 63. Kh2 Kxd5 64. Kxh3 Kc4 0-1

[Event "Championnat de France des Jeunes - Cade"]
[Site "TROYES"]
[Date "2010.04.11"]
[Round "1.5"]
[White "Buscara, Sevan"]
[Black "Roussey, Quentin"]
[Result "1-0"]
[WhiteElo "2238"]
[BlackElo "1868"]
[PlyCount "73"]
[EventDate "2010.??.??"]

1. d4 Nf6 2. Nf3 d5 3. c4 e6 4. Nc3 Be7 5. cxd5 exd5 6. Bg5 O-O 7. e3 c6 8. Bd3
Bg4 9. Qc2 Nbd7 10. Ne5 h6 11. h3 Be6 12. Bf4 Nxe5 13. Bxe5 Bd6 14. O-O Ne8 15.
Ne2 Qc7 16. Bf4 Nf6 17. b4 Nh5 18. Bxd6 Qxd6 19. Rab1 Rac8 20. a4 f5 21. Qc5
Qd8 22. f4 a6 23. Qc2 Qh4 24. Kh2 Kh8 25. g3 Qe7 26. Ng1 Nf6 27. Nf3 Ne4 28.
Ne5 Kh7 29. Bxe4 dxe4 30. Qa2 b5 31. Rbc1 Bd5 32. Rc5 Rf6 33. Rfc1 Qe8 34. Qc2
Rd6 35. Ra1 Qe6 36. axb5 axb5 37. Ra7 1-0

[Event "Championnat de France des Jeunes - Cade"]
[Site "TROYES"]
[Date "2010.04.11"]
[Round "1.6"]
[White "Nari, Damien"]
[Black "Grandadam, Nicolas"]
[Result "0-1"]
[WhiteElo "1863"]
[BlackElo "2232"]
[PlyCount "54"]
[EventDate "2010.??.??"]

1. e4 c5 2. c4 e6 3. Nf3 Nc6 4. d4 cxd4 5. Nxd4 Nf6 6. Nc3 Bb4 7. f3 d5 8. cxd5
exd5 9. Qe2 Be7 10. Nxc6 bxc6 11. exd5 O-O 12. Bg5 cxd5 13. O-O-O Be6 14. Be3
a5 15. Bd4 a4 16. Qd2 Nd7 17. Bd3 Bf6 18. Ne2 Rc8+ 19. Kb1 a3 20. b3 Nb8 21.
Bb5 Bf5+ 22. Bd3 Bxd3+ 23. Qxd3 Nc6 24. Bc5 Re8 25. Bxa3 Qa5 26. Bc1 Nb4 27.
Qd2 Rc2 0-1

[Event "Championnat de France des Jeunes - Cade"]
[Site "TROYES"]
[Date "2010.04.11"]
[Round "1.7"]
[White "Iwanesko, Alexandre"]
[Black "Faugerolle, Nicolas"]
[Result "1-0"]
[WhiteElo "2222"]
[BlackElo "1857"]
[PlyCount "65"]
[EventDate "2010.??.??"]

1. e4 Nf6 2. e5 Nd5 3. d4 d6 4. c4 Nb6 5. exd6 cxd6 6. Nc3 Bf5 7. Be3 Nc6 8. d5
Ne5 9. Be2 e6 10. f4 Ned7 11. Nf3 exd5 12. cxd5 Nf6 13. O-O Be7 14. a4 O-O 15.
a5 Nc8 16. Nd4 Bd7 17. Bf3 Re8 18. Qb3 Qc7 19. Rfc1 Qb8 20. Ncb5 Bd8 21. Qd3
Ne7 22. Nc3 Nf5 23. Bf2 Nxd4 24. Bxd4 Bg4 25. Bxf6 Bxf3 26. Bxd8 Bxg2 27. Bh4
Qc8 28. Kxg2 Qg4+ 29. Bg3 h5 30. h3 Qd7 31. Re1 Rac8 32. Re2 g6 33. Rae1 1-0

[Event "Championnat de France des Jeunes - Cade"]
[Site "TROYES"]
[Date "2010.04.11"]
[Round "1.8"]
[White "Toenz, Arthur"]
[Black "Di Nicolantonio, Lucas"]
[Result "0-1"]
[WhiteElo "1850"]
[BlackElo "2215"]
[PlyCount "48"]
[EventDate "2010.??.??"]

1. d4 d5 2. c4 c6 3. Nc3 dxc4 4. a4 e5 5. Nf3 exd4 6. Qxd4 Qxd4 7. Nxd4 Bc5 8.
Be3 Na6 9. O-O-O Nf6 10. Bg5 Bxd4 11. Rxd4 Be6 12. Bxf6 gxf6 13. Rf4 O-O-O 14.
Rxf6 Nc5 15. g3 Nb3+ 16. Kb1 b5 17. axb5 cxb5 18. Bg2 b4 19. Nb5 Kb8 20. f4 Rd2
21. Bf3 a6 22. f5 axb5 23. fxe6 c3 24. bxc3 bxc3 0-1

[Event "Championnat de France des Jeunes - Cade"]
[Site "TROYES"]
[Date "2010.04.11"]
[Round "1.9"]
[White "Dubessay, Bastien"]
[Black "Roussel, Julien"]
[Result "1-0"]
[WhiteElo "2212"]
[BlackElo "1844"]
[PlyCount "82"]
[EventDate "2010.??.??"]

1. d4 d5 2. c4 e6 3. Nc3 c5 4. cxd5 exd5 5. Nf3 Nc6 6. g3 Nf6 7. Bg5 Be7 8. Bg2
O-O 9. O-O Bf5 10. Rc1 Re8 11. e3 c4 12. Ne5 Nb4 13. a3 Nd3 14. Nxd3 Bxd3 15.
Bxf6 Bxf6 16. Re1 Re4 17. Nxe4 dxe4 18. f3 Qb6 19. Qd2 Bg5 20. Qf2 f5 21. f4
Bd8 22. Red1 Qb5 23. Bf1 Ba5 24. Qg2 Re8 25. b4 Bd8 26. Qa2 Kf8 27. Bxd3 exd3
28. Qxc4 Qxc4 29. Rxc4 Rxe3 30. Rc3 Bb6 31. Rcxd3 Re2 32. R1d2 Re1+ 33. Kg2 Ke7
34. a4 Rb1 35. Re2+ Kd6 36. a5 Bc7 37. Re5 g6 38. Rb5 Kc6 39. Rc5+ Kd6 40. Rdc3
Bd8 41. R5c4 a6 1-0

[Event "Championnat de France des Jeunes - Cade"]
[Site "TROYES"]
[Date "2010.04.11"]
[Round "1.10"]
[White "Nicolazo, Maxime"]
[Black "Ludwig, Remi"]
[Result "0-1"]
[WhiteElo "1840"]
[BlackElo "2200"]
[PlyCount "98"]
[EventDate "2010.??.??"]

1. d4 Nf6 2. c4 c5 3. d5 e6 4. Nc3 exd5 5. cxd5 d6 6. e4 g6 7. Nf3 Bg7 8. Be2
a6 9. a4 O-O 10. O-O Re8 11. Qc2 Bg4 12. Nd2 Bxe2 13. Nxe2 Nxd5 14. Ng3 Nb4 15.
Qb3 N8c6 16. Nf3 Qe7 17. Bf4 Qf6 18. Bc1 h6 19. Rb1 Rad8 20. Bd2 Qe6 21. Qxe6
Rxe6 22. Bc3 d5 23. exd5 Rxd5 24. Bxg7 Kxg7 25. Rfe1 Rxe1+ 26. Rxe1 b5 27. axb5
axb5 28. h3 c4 29. Rc1 Rd3 30. Ne4 Rb3 31. Nd6 Nd3 32. Rc2 Nxb2 33. Nd2 Nd4 34.
Nxb3 Nxc2 35. Nc1 b4 36. Kf1 Nd4 37. Na2 c3 38. Nxb4 c2 39. Nxc2 Nxc2 40. g4
Nd4 41. Kg2 Nd3 42. Ne4 Kf8 43. Kg3 Ke7 44. h4 Ke6 45. f3 Ke5 46. Nd2 Ne2+ 47.
Kg2 Kf4 48. Nc4 Nd4 49. Nd6 Ne5 0-1

[Event "Championnat de France des Jeunes - Cade"]
[Site "TROYES"]
[Date "2010.04.11"]
[Round "1.1"]
[White "Saucey, Capucine"]
[Black "Lefevre, Margaux"]
[Result "0-1"]
[WhiteElo "1798"]
[BlackElo "2036"]
[PlyCount "94"]
[EventDate "2010.??.??"]

1. e4 c5 2. c3 Nf6 3. e5 Nd5 4. d4 cxd4 5. cxd4 d6 6. Nf3 Nc6 7. Bc4 Nb6 8. Bb3
dxe5 9. d5 Na5 10. Nc3 Bg4 11. Ba4+ Nxa4 12. Qxa4+ Bd7 13. Qe4 f6 14. O-O Rc8
15. Rd1 Nc4 16. Qe2 g6 17. b3 Nd6 18. Bb2 Bg7 19. Rac1 O-O 20. a4 Qb6 21. Nd2
Bh6 22. Ncb1 Bf5 23. Rxc8 Rxc8 24. Qf3 e4 25. Qg3 e3 26. fxe3 Qxe3+ 27. Qxe3
Bxe3+ 28. Kh1 Kf7 29. Na3 Bg4 30. Nf3 Bc5 31. h3 Bxf3 32. gxf3 Bxa3 33. Bxa3
Nf5 34. Rd3 Ke8 35. Kg1 Kd7 36. Kf2 Rc2+ 37. Kg1 Re2 38. Bc5 b6 39. Bf2 Kd6 40.
a5 bxa5 41. Bxa7 Rc2 42. Bb6 Ra2 43. Ba7 Kd7 44. Bb6 a4 45. bxa4 Rxa4 46. Rc3
Ra1+ 47. Kf2 Rd1 0-1